[Event "Tch-NED"]
[Site "NED"]
[Date "2001.03.24"]
[Round "7"]
[White "Kerkmeester,H"]
[Black "Peelen,P"]
[Result "0-1"]
[WhiteElo "2259"]
[BlackElo "2353"]

1.d4 Nf6 2.Bg5 c5 3.Bxf6 gxf6 4.c3 Qb6 5.Qc2 d5 6.e3 Nc6 7.Nf3 Bg4 8.Be2 e6
9.Nh4 Bxe2 10.Qxe2 f5 11.O-O Be7 12.Nf3 O-O 13.dxc5 Qxc5 14.Nbd2 Rac8 15.Nb3 Qb6
16.Nbd4 Bf6 17.Nxc6 bxc6 18.Rab1 Qa5 19.a3 Rb8 20.Rfc1 Rb6 21.b4 Qa6 22.Qc2 Qc4
23.Nd2 Qg4 24.h3 Qg7 25.c4 Kh8 26.c5 Rg8 27.g3 Rbb8 28.Nf1 h5 29.Qa4 h4 30.Rc2 hxg3
31.fxg3 Qh7 32.Re1 d4 33.Rg2 Rbc8 34.Qxa7 dxe3 35.Nxe3 Bd4 36.Kh2 Kg7 37.h4 Kf6
38.Nc2 Rg4 39.Kh1 Be5 40.Rxe5 Kxe5 41.Qd7 Qg8 42.Qd6+ Kf6 43.Ne3 Re4 44.g4 Rd8
45.g5+ Kg6 46.Qg3 Qh8 47.Rh2 Qh5 48.Qf2 Rd1+ 49.Kg2 Rxe3 50.Qxe3 Qg4+  0-1

[Event "Dos Hermanas Internet KO"]
[Site "ICC INT"]
[Date "2001.04.06"]
[Round "1.2"]
[White "Rey,G"]
[Black "Shipov,S"]
[Result "1/2-1/2"]
[WhiteElo "2376"]
[BlackElo "2640"]

1.d4 Nf6 2.Bg5 d5 3.Bxf6 exf6 4.e3 Bd6 5.c4 dxc4 6.Bxc4 O-O 7.Nc3 Nd7 8.Nf3 f5
9.O-O c6 10.Rc1 Nf6 11.Ne5 Qe7 12.f4 Be6 13.Qb3 Bxc4 14.Qxc4 Rad8 15.Rfe1 Rfe8
16.a3 Bc7 17.b4 a6 18.a4 Bd6 19.Rb1 Rc8 20.h3 Red8 21.Re2 Bb8 22.Reb2 g6
23.Qe2 Nd5 24.Nxd5 Rxd5 25.Nc4 Bc7 26.b5 cxb5 27.axb5 Rxb5 28.Rxb5 axb5 29.Ne5 f6
30.Nd3 Re8 31.Kf2 Kg7 32.Rxb5 b6 33.Qf3 Qd7 34.Rb3 Re4 35.Rc3 Re7 36.Nb4 Re4
37.Qd1 Bb8 38.Nc6 Bd6 39.Qb3 Bc7 40.Qa4 Re6 41.Qb5 Rd6 42.Qc4 Qe8 43.Nb4 Rd7
44.Nd5 Bd8 45.Qc6 Qf7 46.Nxb6 Rc7 47.Qd5 Rxc3 48.Qxd8 Qc7 49.Qxc7+ Rxc7 50.Na4 Kf7
51.Nc5 Ke7 52.Kf3 Ra7 53.g3 h5 54.h4 Ra3 55.Kf2 Kd6 56.Kf3  1/2-1/2

[Event "Redbus KO"]
[Site "Southend ENG"]
[Date "2001.04.14"]
[Round "2.2"]
[White "Hodgson,Ju"]
[Black "Davies,N"]
[Result "1/2-1/2"]
[WhiteElo "2595"]
[BlackElo "2469"]

1.d4 Nf6 2.Bg5 d5 3.e3 Nbd7 4.c4 Ne4 5.Bh4 c5 6.Nc3 Qa5 7.Qb3 cxd4 8.exd4 e5
9.Ne2 Bb4 10.a3 Bxc3+ 11.Nxc3 Nxc3 12.Qxc3 Qxc3+ 13.bxc3 dxc4 14.Bxc4  1/2-1/2

[Event "32nd Open"]
[Site "Mar del Plata ARG"]
[Date "2001.04.15"]
[Round "9"]
[White "Garcia Palermo,C"]
[Black "Cristobal,R"]
[Result "1/2-1/2"]
[WhiteElo "2470"]
[BlackElo "2330"]

1.d4 Nf6 2.Bg5 g6 3.Bxf6 exf6 4.e3 d5 5.c4 Bb4+ 6.Nc3 O-O 7.Qb3 Bxc3+ 8.Qxc3 Re8
9.Nf3 Bg4 10.Be2 c6 11.h3 Bxf3 12.Bxf3 dxc4 13.O-O Nd7 14.Qxc4 f5 15.b4 a6
16.a4 Rc8 17.Rfc1 Nb6 18.Qb3 Qd7 19.Rc5 Qd6 20.g3 Rc7 21.Rac1 Rce7 22.Kg2 Kg7
23.R5c2 h5 24.h4 Rd8 25.Ra1 Ra8 26.Qc3 Nd5 27.Qc5 Rd7 28.Qxd6 Rxd6 29.Bxd5 Rxd5
30.Rc5 Rad8 31.Rac1 Kf6 32.Kf3 Ke6 33.Ke2 f6 34.Kd3 Rg8 35.Rxd5 Kxd5 36.Rc5+ Kd6
37.d5 cxd5 38.Kd4 g5 39.b5 gxh4 40.bxa6 hxg3 41.axb7 Rb8 42.fxg3 Rxb7 43.Rb5 Rg7
44.Rb6+ Kc7 45.Rxf6 Rxg3 46.Rxf5 Rg4+ 47.Kxd5 Rxa4 48.Rf7+  1/2-1/2

[Event "5th Neckar Open"]
[Site "Deizisau GER"]
[Date "2001.04.16"]
[Round "9"]
[White "Koenig,Die"]
[Black "Volke,K"]
[Result "0-1"]
[WhiteElo "2327"]
[BlackElo "2486"]

1.d4 Nf6 2.Bg5 d5 3.e3 Bg4 4.Be2 Bxe2 5.Qxe2 c6 6.Nd2 Nbd7 7.Ngf3 e6 8.e4 dxe4
9.Nxe4 Qa5+ 10.c3 Nxe4 11.Qxe4 Qb5 12.O-O-O Qd5 13.Rhe1 Qxa2 14.d5 Nc5 15.Qf5 cxd5
16.Nd4 Qa1+ 17.Kc2 Qa4+ 18.Kc1 Be7 19.Bxe7 exf5 20.Bxc5+ Kd8 21.Re5 Kc8 22.Rde1 Rd8
23.Re7 b6 24.Bb4 Rd7 25.Nxf5 a5 26.Nd6+ Kc7 27.Ba3 Rd8 28.c4 Rxe7 29.Rxe7+ Rd7
30.Nb5+ Kd8  0-1

[Event "zt3.3 Women"]
[Site "HeiBei CHN"]
[Date "2001.04.22"]
[Round "7"]
[White "Gong Qingyun"]
[Black "Huang Qian"]
[Result "0-1"]
[WhiteElo "2193"]
[BlackElo "2218"]

1.d4 Nf6 2.Bg5 g6 3.Bxf6 exf6 4.e3 Bg7 5.Bd3 d6 6.Ne2 O-O 7.Nd2 f5 8.c3 Nd7
9.h4 Nf6 10.Ng3 h5 11.Qc2 c5 12.O-O-O Qa5 13.Kb1 b5 14.dxc5 dxc5 15.c4 Be6
16.Ne2 Ng4 17.Rhf1 Ne5 18.Nc1 Nxd3 19.Nxd3 bxc4 20.Nxc4 Qa6 21.b3 Rab8 22.Nd2 c4
23.Nc5 cxb3 24.Ndxb3 Bxb3 25.Nxb3 Rfc8 26.Qd3 Qa3 27.Rd2 a5  0-1

[Event "2nd ch-EUR Women"]
[Site "Warsaw POL"]
[Date "2001.04.22"]
[Round "1"]
[White "Benderac,A"]
[Black "Galianina Ryjanova,J"]
[Result "1/2-1/2"]
[WhiteElo "2230"]
[BlackElo "2393"]

1.d4 Nf6 2.Bg5 d5 3.e3 Nbd7 4.Nf3 c6 5.c3 g6 6.Nbd2 Bg7 7.Bd3 O-O 8.O-O Qb6
9.Qb3 e5 10.Qxb6 axb6 11.Nxe5 Nxe5 12.dxe5 Ng4 13.Nf3 Nxe5 14.Nxe5 Bxe5 15.e4 dxe4
16.Bxe4 Be6 17.a3 Bb3 18.Be3 b5 19.Rfe1 Rfe8 20.Bf3 Re6 21.g3 Rae8 22.Kg2 Bg7
23.Rg1 Rd8 24.Bd1 Bc4 25.Bf3 Bb3 26.Bd1 Bd5+ 27.Bf3 f5 28.Rgd1 Red6 29.Bxd5+ Rxd5
30.Rxd5 Rxd5 31.a4 bxa4 32.Rxa4 Rb5 33.Bc1 Kf7 34.Ra8 Bf6 35.Kf3 Rd5 36.Ke2 Bd8
37.Rb8 Rd7 38.Be3 Ke6 39.c4 Bf6 40.b3 Be5 41.Re8+ Re7 42.Rxe7+ Kxe7 43.Kd3 Ke6
44.Bd4 Bd6 45.Be3  1/2-1/2

[Event "TSIM"]
[Site "Belgrade YUG"]
[Date "2001.04.24"]
[Round "4"]
[White "Zmijanac,D"]
[Black "Bustamante,O"]
[Result "0-1"]
[WhiteElo "2309"]
[BlackElo "2078"]

1.d4 Nf6 2.Bg5 g6 3.Bxf6 exf6 4.g3 Bg7 5.Bg2 O-O 6.e3 d6 7.Ne2 f5 8.O-O Nd7
9.c4 c6 10.Nbc3 Re8 11.b4 Nb6 12.Qd3 Be6 13.d5 cxd5 14.cxd5 Bd7 15.a4 a5
16.Rfb1 axb4 17.Rxb4 Nxa4 18.Raxa4 Bxa4 19.Nxa4 Qa5 20.Qb3 b5 21.Nac3 Qa1+
22.Nb1 Rec8 23.Rxb5 Qa2 24.Bf3 Qa1 25.Kg2 g5 26.h3 Be5 27.Qd3 Rcb8 28.Nbc3 h6
29.Bh5 Rxb5 30.Nxb5 Qe1 31.Qxf5 Ra1 32.Bxf7+ Kh8 33.Kf3 Ra2 34.Qd3 Rxe2 35.Kg4 Qxf2
36.Be6 Qxg3+ 37.Kh5 Qh4+ 38.Kg6 Rf2 39.Bf5 g4 40.Nxd6 Qf6+  0-1

[Event "Zone 3.2b (Oceana)"]
[Site "Gold Coast AUS"]
[Date "2001.04.24"]
[Round "6"]
[White "Tindall,B"]
[Black "Allen,A"]
[Result "1/2-1/2"]
[WhiteElo "2225"]
[BlackElo "2255"]

1.d4 Nf6 2.Bg5 d5 3.Bxf6 exf6 4.e3 Bd6 5.Nf3 O-O 6.Bd3 f5 7.O-O Be6 8.b3 Nd7
9.c4 Nf6 10.c5 Be7 11.Ne5 g6 12.b4 Kg7 13.Re1 h5 14.f3 Nh7 15.f4 Nf6 16.Nc3 Ne4
17.Qc2 Bf6 18.Nf3 Qe7 19.a4 Rfc8  1/2-1/2

[Event "2nd ch-EUR Women"]
[Site "Warsaw POL"]
[Date "2001.04.27"]
[Round "6"]
[White "Danielian,E"]
[Black "Cherednichenko,S"]
[Result "1-0"]
[WhiteElo "2369"]
[BlackElo "2203"]

1.d4 Nf6 2.Bg5 g6 3.Bxf6 exf6 4.e3 Bg7 5.c4 O-O 6.Nc3 d6 7.g3 c5 8.Nge2 Nc6
9.Bg2 f5 10.dxc5 dxc5 11.Bxc6 bxc6 12.Qxd8 Rxd8 13.Rd1 Be6 14.b3 g5 15.Na4 Bf8
16.f4 h6 17.Nc1 f6 18.Nd3 Bf7 19.Ndxc5 Bh5 20.Rd2 Re8 21.Rd3 Rad8 22.Kd2 Kf7
23.Rc1 gxf4 24.gxf4 Be7 25.Kc3 Rg8 26.Rc2 Rde8 27.Rd7 Rg1 28.Rxa7 Kg6 29.Rd2 Bf3
30.Rf2 Bxc5 31.Nxc5 Rxe3+ 32.Kb4 Rg4 33.a4 Rxf4 34.a5 Rd4 35.Ra8 Kg5 36.Rxf3 Rxf3
37.Ne6+ Kh4 38.Nxd4 Rf2 39.a6 f4 40.a7 Ra2 41.Nxc6 f3 42.Rf8 Kg5 43.h4+ Kg6
44.a8=Q Rxa8 45.Rxa8 Kh5 46.Nd4 f2 47.Ra1  1-0

[Event "TCh-FRA"]
[Site "Montpellier FRA"]
[Date "2001.04.28"]
[Round "8"]
[White "Sarthou,G"]
[Black "Toulzac,PY"]
[Result "1-0"]
[WhiteElo "2365"]
[BlackElo "2256"]

1.d4 Nf6 2.Bg5 c5 3.d5 Ne4 4.Bf4 Qb6 5.Qc1 c4 6.e3 Qa5+ 7.Nc3 Nxc3 8.Qd2 Qxd5
9.Qxc3 b5 10.a4 a6 11.Be2 Qb7 12.Nf3 d5 13.axb5 axb5 14.Rxa8 Qxa8 15.O-O Nc6
16.b3 f6 17.bxc4 dxc4 18.Nd4 Nxd4 19.Qxd4 Bb7 20.Bg4 Qd8 21.Qxd8+ Kxd8 22.Rd1+ Ke8
23.Be6  1-0

[Event "2nd ch-EUR Women"]
[Site "Warsaw POL"]
[Date "2001.05.02"]
[Round "10"]
[White "Fomina,T"]
[Black "Ismailova,P"]
[Result "1-0"]
[WhiteElo "2278"]
[BlackElo "2140"]

1.d4 Nf6 2.Bg5 g6 3.Nd2 Bg7 4.e4 d6 5.Ngf3 O-O 6.Bd3 c5 7.c3 Na6 8.O-O Nc7
9.d5 b5 10.a4 b4 11.cxb4 cxb4 12.Nb3 h6 13.Bxf6 Bxf6 14.Qd2 Kh7 15.Nfd4 Bxd4
16.Nxd4 a5 17.h4 e5 18.dxe6 fxe6 19.h5 e5 20.hxg6+ Kxg6 21.Nf5 Bxf5 22.exf5+ Kg7
23.f4 Qf6 24.Rac1 Rac8 25.Rf3 exf4 26.Rxf4 Nd5 27.Rg4+ Kh7 28.Rxc8 Rxc8 29.Ba6 Rc5
30.Rg6 Qf8 31.Qd4 Qe7 32.Bd3 Qe1+ 33.Kh2 Qe5+ 34.Qxe5 dxe5 35.f6 Nf4 36.f7 Nxd3
37.Rg8  1-0

[Event "2nd ch-EUR Women"]
[Site "Warsaw POL"]
[Date "2001.05.02"]
[Round "10"]
[White "Lomineishvili,M"]
[Black "Krupkova,P"]
[Result "1-0"]
[WhiteElo "2439"]
[BlackElo "2249"]

1.d4 Nf6 2.Bg5 c5 3.Bxf6 gxf6 4.dxc5 Qa5+ 5.Nd2 Bg7 6.Nf3 Qxc5 7.c3 Nc6 8.g3 d6
9.Bg2 O-O 10.O-O Qh5 11.Qb3 Rb8 12.Rfd1 Be6 13.Qc2 Rfc8 14.Nb3 Bf5 15.Qd2 Be4
16.Nh4 Bxg2 17.Kxg2 Ne5 18.e4 Nc4 19.Qc2 e6 20.Nd2 Bf8 21.Nxc4 Rxc4 22.Qd3 b5
23.Nf3 Rbc8 24.Nd2 R4c7 25.Nb3 Rc4 26.Re1 Ra4 27.Nd4 Rac4 28.Nb3 Ra4 29.a3 Rac4
30.Rad1 a6 31.Qe3 f5 32.exf5 Qxf5 33.Nd4 Qg6 34.Qf3 d5 35.h4 Bg7 36.h5 Qg5
37.Rh1 Bxd4 38.cxd4 Rc2 39.Rh4 f5 40.Re1 R8c6 41.Rf4 Rxb2 42.Re5 Qh6 43.Rfxf5 Rc7
44.Rf6 Qg7 45.h6 Qe7 46.Rg5+  1-0

[Event "2nd ch-EUR Women"]
[Site "Warsaw POL"]
[Date "2001.05.02"]
[Round "10"]
[White "Agababean,N"]
[Black "Schuurman,P"]
[Result "1-0"]
[WhiteElo "2362"]
[BlackElo "2193"]

1.d4 Nf6 2.Bg5 c5 3.Bxf6 gxf6 4.d5 Qb6 5.Qc1 f5 6.c3 Bg7 7.Na3 d6 8.e3 Nd7
9.Qc2 Ne5 10.Nc4 Nxc4 11.Bxc4 Qa5 12.a4 Bd7 13.Ra3 Rb8 14.Nf3 Bf6 15.O-O Rg8
16.Nd2 Qc7 17.f4 Kf8 18.Bd3 e6 19.e4 Re8 20.Nc4 b6 21.Raa1 a6 22.Ne3 c4 23.Bxc4 fxe4
24.Kh1 b5 25.axb5 axb5 26.Bb3 Qc5 27.Qxe4 Rg7 28.Qd3 Bd8 29.dxe6 Bc6 30.e7+ Rxe7
31.Nd5 Re6 32.Rad1 Reg6 33.Rd2 Bb7 34.Re1 Qc6 35.Rde2 Re6 36.Rxe6 fxe6 37.Rxe6 Bc8
38.Re1 Bh4 39.Rd1 Bg4 40.Nb4 Qc5 41.Qxd6+ Qxd6 42.Rxd6 Re7 43.g3  1-0

[Event "4NCL"]
[Site "Birmingham ENG"]
[Date "2001.05.05"]
[Round "9"]
[White "Buckley,G"]
[Black "Ledger,S"]
[Result "1-0"]
[WhiteElo "2374"]
[BlackElo "2194"]

1.d4 Nf6 2.Bg5 c5 3.Bxf6 gxf6 4.d5 Qb6 5.Qc1 f5 6.e3 Bg7 7.c3 d6 8.Nd2 Nd7
9.Ne2 Nf6 10.Nf4 e5 11.dxe6 fxe6 12.Bc4 d5 13.Bb3 c4 14.Ba4+ Bd7 15.Bxd7+ Nxd7
16.Qc2 Nc5 17.O-O O-O 18.Kh1 Rad8 19.Nh5 Rf7 20.Rad1 Qc7 21.f4 Bh8 22.g4 Qc6
23.Nf3 Ne4 24.Qg2 Kf8 25.Qh3 Qb6 26.Ng5 fxg4 27.Qxg4 Nxg5 28.Qxg5 Rdd7 29.e4 d4
30.e5 Qc6+ 31.Qg2 Qxg2+ 32.Kxg2 d3 33.Ng3 Rd5 34.Ne4 Ke7 35.b3 b5 36.bxc4 bxc4
37.Rb1 Ra5 38.Rb7+ Kf8 39.Rb8+ Kg7 40.Rf2 h6 41.Nf6 Rf8 42.Rb4 Kg6 43.Ne4 Rc8
44.Kf3 Rc7 45.Rb8 Bg7 46.Re8 Ra6 47.Rd8 Rf7 48.Rg2+ Kh7 49.Nd6 Rc7 50.h4 Rac6
51.h5 Rc5 52.Ne8 Rc8 53.Rxg7+ Kh8 54.Re7 Rxd8 55.Nf6 a6 56.Rh7+  1-0

[Event "XXXVI Capablanca Mem Premier II"]
[Site "Havana CUB"]
[Date "2001.05.10"]
[Round "5"]
[White "Bellon Lopez,JM"]
[Black "Herrera,I"]
[Result "1/2-1/2"]
[WhiteElo "2429"]
[BlackElo "2432"]

1.d4 Nf6 2.Bg5 d5 3.Bxf6 exf6 4.e3 Bd6 5.c4 dxc4 6.Bxc4 O-O 7.Nc3 f5 8.Nf3 c6
9.a3 Nd7 10.Qc2 Nf6 11.g3 Qe7 12.O-O Ne4 13.Rfe1 g6 14.Bd3 Re8 15.Nd2 Nxd2
16.Qxd2 Be6 17.Rac1 Rad8 18.Bf1 Qf6 19.Bg2 Bf8 20.Na4 Bd5 21.Nc5 Bxg2 22.Kxg2 b6
23.Nd3 c5 24.dxc5 Bxc5 25.Qc3 Qxc3 26.Rxc3 Be7 27.Rd1 Bf6 28.Rc7 Re7 29.Rxe7 Bxe7
30.Kf3 Kg7 31.Ke2 Rc8 32.Kd2 Kf6 33.Rc1 Rxc1 34.Nxc1 Ke6 35.Ne2 Bf6 36.Nd4+ Kd5
37.Kd3 a6 38.b3 Be7 39.a4 Bd6 40.Nf3 Be7 41.Nd2 Kc5 42.h3 Kb4 43.Kc2 Kc5
44.Nf3 Bf6 45.h4 h6 46.Ne1 Kd5 47.Kd2 Be7 48.Kd3 Bd6 49.Nf3 Be7 50.Nd4 Bf6
51.Ne2 Be5 52.Ng1 Bf6 53.Ne2 Be5 54.Nc1 Bg7 55.Kd2 Bf8 56.Na2 Be7 57.Kd3 Bf8
58.Nc3+ Kc5 59.Ne2 Bg7 60.Kd2 Be5 61.Kc2 Bg7 62.Nf4 Bf8 63.h5 g5 64.Ne2 Bg7
65.Kd3 Kb4 66.Nd4 f4 67.g4 fxe3 68.fxe3 Kc5 69.Nf5 Bf8 70.e4 Kb4 71.Kc2 Kc5
72.Kc3 a5 73.Kd3 Kb4 74.Kc2 Kc5 75.Kd3 b5 76.axb5 Kxb5 77.Kd2 Kb4 78.Kc2 Kb5
79.Ne3 Kc5 80.Kc3 Bg7+ 81.Kd3 Kb4 82.Kc2 Kc5 83.Nf5 Bf8 84.Kc3 Kb5 85.Kd3 Kb4
86.Nd4 Kc5 87.Nc2 Bg7 88.Ne3 Kb4  1/2-1/2

[Event "XXXVI Capablanca Mem Premier II"]
[Site "Havana CUB"]
[Date "2001.05.20"]
[Round "13"]
[White "Bellon Lopez,JM"]
[Black "Zapata,A"]
[Result "0-1"]
[WhiteElo "2429"]
[BlackElo "2492"]

1.d4 Nf6 2.Bg5 d5 3.Bxf6 exf6 4.e3 Bd6 5.c4 dxc4 6.Bxc4 O-O 7.Nc3 f5 8.Nf3 Nd7
9.Qc2 a6 10.O-O-O Nf6 11.Bd3 g6 12.h4 Qe7 13.Rde1 c5 14.Kb1 b5 15.dxc5 Bxc5
16.e4 fxe4 17.Nxe4 Bb4 18.Re2 Bb7 19.a3 Bxe4 20.Bxe4 Rac8 21.Bc6 Qd6 22.Ne5 Bc5
23.Rd1 Bd4 24.f4 Nd7 25.Qb3 Nxe5 26.fxe5 Qxc6 27.Rxd4 Qc1+ 28.Ka2 Qf1 29.Qd3 Rc1
30.Rd6 a5 31.Rf6 Qh1 32.Ref2 Ra1+ 33.Kb3 Qxh4 34.g4 Qxg4 35.R2f4 Qd1+ 36.Qxd1 Rxd1
37.e6 Rd3+ 38.Ka2 Re3 39.exf7+ Kg7 40.Rb6 Re5 41.Rb7 g5 42.Rf2 g4 43.Kb3 h5
44.Kc2 g3  0-1

[Event "TCh-NED Playoffs"]
[Site "Breda NED"]
[Date "2001.05.24"]
[Round "1"]
[White "Rogers,I"]
[Black "Langeweg,K"]
[Result "1-0"]
[WhiteElo "2528"]
[BlackElo "2298"]

1.d4 Nf6 2.Bg5 d5 3.Bxf6 exf6 4.e3 c6 5.c4 dxc4 6.Bxc4 Bd6 7.Nc3 O-O 8.Nf3 Nd7
9.O-O Nb6 10.Bb3 Qe7 11.Re1 Bd7 12.e4 Rad8 13.h3 Bb8 14.Qc2 Qd6 15.a4 a5
16.e5 fxe5 17.Rxe5 Bc7 18.Rh5 g6 19.Ne4 Qf4 20.Rh4 Qf5 21.Qd2  1-0

[Event "TCh-NOR Final"]
[Site "Langesund NOR"]
[Date "2001.05.24"]
[Round "2"]
[White "Berg Jensen,J"]
[Black "Guddahl,V"]
[Result "1-0"]
[WhiteElo "2186"]
[BlackElo "2196"]

1.d4 Nf6 2.Bg5 c5 3.d5 Qb6 4.Nc3 Qxb2 5.Bd2 Qb6 6.e4 e5 7.Rb1 Qd8 8.f4 d6
9.f5 a6 10.a4 Be7 11.Nh3 h6 12.Be2 Nh7 13.Bh5 Ng5 14.Nf2 Nh7 15.h4 b6 16.g3 Ra7
17.Qe2 Bd7 18.Ng4 Nf6 19.Ne3 Rb7 20.Bf3 Nh7 21.Qf1 O-O 22.Be2 Ra7 23.Nc4 b5
24.axb5 axb5 25.Nxb5 Bxb5 26.Rxb5 Ra1+ 27.Bd1 Nf6 28.Qd3 Kh7 29.O-O Qd7 30.Rb3 Na6
31.g4 Kg8 32.g5 Nh7 33.gxh6 g6 34.Qg3 Kh8 35.Bc3 Rg8 36.f6 Rxd1 37.Rxd1 Nxf6
38.Rb6 Nxe4 39.Nxe5 dxe5 40.Qxe5+ Bf6 41.Qxe4 Bxc3 42.Rxa6 Kh7 43.Ra3 Re8
44.Ra7 Qxa7 45.Qxe8 c4+ 46.Kg2 Kxh6 47.Qe4 f5 48.Qf4+ Kg7 49.Qxc4 Bf6 50.Qf4 Qe7
51.Rd2 Bxh4 52.d6 Qb7+ 53.Qf3 Qb4 54.c3 Qb6 55.d7 Bg5 56.Qd5 Bd8 57.Qd4+ Qxd4
58.Rxd4 Kf6 59.Kf3 g5 60.c4 g4+ 61.Kg3 Bc7+ 62.Kh4 Bd8 63.Rd1 Ke6+ 64.Kg3 Bc7+
65.Kg2 Ke7 66.c5 f4 67.c6 f3+ 68.Kf2 Bd8 69.Kg3  1-0

[Event "Open"]
[Site "Pula CRO"]
[Date "2001.05.24"]
[Round "7"]
[White "Lostuzzi,M"]
[Black "Sudar,B"]
[Result "1/2-1/2"]
[WhiteElo "2398"]
[BlackElo "2223"]

1.d4 Nf6 2.Bg5 c5 3.Bxf6 gxf6 4.d5 Qb6 5.Qc1 d6 6.Nc3 Bg7 7.e3 Nd7 8.Nge2 f5
9.Ng3 Qb4 10.Ne2 Nb6 11.g3 Qa5 12.Qd2 Nc4 13.Qc1 Nb6 14.Qd2 Nc4 15.Qc1  1/2-1/2

[Event "IV It"]
[Site "Santo Antonio POR"]
[Date "2001.05.26"]
[Round "8"]
[White "Galego,L"]
[Black "Fernandes,An"]
[Result "0-1"]
[WhiteElo "2429"]
[BlackElo "2465"]

1.d4 Nf6 2.Bg5 c5 3.Bxf6 gxf6 4.dxc5 Na6 5.Nc3 Nxc5 6.e3 e6 7.Qd4 d5 8.O-O-O Bd7
9.Nf3 Rc8 10.h4 Bg7 11.h5 Rg8 12.h6 Bh8 13.Qb4 Qc7 14.Rd2 a6 15.Rh3 f5 16.Nd4 b5
17.Qa3 Qb6 18.b4 Nb7 19.Qb3 Nd6 20.a3 Nc4 21.Rd1 Qc7 22.Bxc4 Qxc4 23.Qxc4 Rxc4
24.Nce2 Rxg2 25.Rf1 e5 26.Nf3 f4 27.Rh2 Rxh2 28.Nxh2 Bf5 29.c3 Bd3 30.Rg1 Kf8
31.Kd2 Bxe2 32.Kxe2 fxe3 33.fxe3 Rxc3 34.Nf3 Rc2+ 35.Nd2 e4 36.Rg5 Bc3  0-1

[Event "2nd IECC"]
[Site "Ohrid MKD"]
[Date "2001.06.01"]
[Round "1"]
[White "Moiseenko,A"]
[Black "Colovic,A"]
[Result "1/2-1/2"]
[WhiteElo "2561"]
[BlackElo "2413"]

1.d4 Nf6 2.Bg5 c5 3.Bxf6 gxf6 4.d5 Qb6 5.Qc1 Bg7 6.e3 f5 7.c3 d6 8.Bd3 e6
9.Ne2 Nd7 10.Na3 Ne5 11.Bc2 Qa6 12.Qd1 Bd7 13.O-O O-O-O 14.Nf4 Bf6 15.Kh1 Kb8
16.Qd2 Rhg8 17.Bb3 c4 18.Bd1 Nd3 19.Nxd3 cxd3 20.Bb3 Rc8 21.Rfd1 Bxc3 22.bxc3 Qxa3
23.dxe6 fxe6 24.Qxd3 Bc6 25.f3 d5 26.Rab1 Qc5 27.Qd4 Qxd4 28.Rxd4 Bb5 29.Rc1 Rg7
30.e4 fxe4 31.fxe4 Rg4 32.h3 Rxe4 33.Rxe4 dxe4 34.Bxe6 Re8 35.Bd5 Bd3 36.Kh2 Re5
37.c4 b5 38.Kg3 bxc4 39.Bxc4 Rc5 40.Bxd3 Rxc1 41.Bxe4 h6 42.Kf4 Rc5 43.g4 Ra5
44.h4 Rxa2 45.g5 hxg5+ 46.hxg5 Kc7 47.g6 Rb2 48.g7 Rb8  1/2-1/2

[Event "IX Guillermo Garcia Mem"]
[Site "Santa Clara CUB"]
[Date "2001.06.01"]
[Round "8"]
[White "Bellon Lopez,JM"]
[Black "Felgaer,R"]
[Result "1-0"]
[WhiteElo "2429"]
[BlackElo "2481"]

1.d4 Nf6 2.Bg5 c5 3.Bxf6 gxf6 4.d5 Qb6 5.Qc1 f5 6.e3 Bg7 7.c3 d6 8.Nh3 Nd7
9.Na3 O-O 10.Nc4 Qc7 11.a4 Nf6 12.Qd2 Bd7 13.Nf4 b6 14.Be2 a6 15.a5 b5 16.Nb6 Rad8
17.Qc2 Bh6 18.O-O Kh8 19.Nh5 Nxh5 20.Bxh5 f4 21.exf4 Bxf4 22.Qe4 e5 23.dxe6 fxe6
24.Nxd7 Qxd7 25.Bg4 Rf6 26.g3 d5 27.Qe2 Bc7 28.Rfe1 Re8 29.Qe3 Qd6 30.f4 Re7
31.Re2 Qc6 32.Bf3 Bd6 33.Rae1 Qc7 34.Qd2 Qd7 35.Bg2 Rg7 36.f5 exf5 37.Qxd5 Bf8
38.Qa8 Qd6 39.Re8 f4 40.R1e6 Qd1+ 41.Bf1  1-0

[Event "ch-CRC"]
[Site "San Jose CRC"]
[Date "2001.06.02"]
[Round "6"]
[White "Hernandez Basante,F"]
[Black "Minero,C"]
[Result "1/2-1/2"]
[WhiteElo "2265"]
[BlackElo "2189"]

1.d4 Nf6 2.Bg5 d5 3.e3 Nbd7 4.Nf3 e6 5.Bd3 Be7 6.Nbd2 O-O 7.O-O b6 8.c3 Bb7
9.Qb1 h6 10.Bh4 c5 11.b4 cxb4 12.cxb4 Ne4 13.Bxe7 Qxe7 14.Nxe4 dxe4 15.Bxe4 Bxe4
16.Qxe4 Qxb4 17.Qb7 Qa4 18.Rfc1 Rab8 19.Qc6 Qxc6 20.Rxc6 Rfc8 21.Rac1 Rxc6
22.Rxc6 Rb7 23.Rc8+ Kh7 24.Kf1 Kg6 25.Ke2 Kf6 26.Kd3 Ke7 27.e4 b5  1/2-1/2

[Event "ch-CRC"]
[Site "San Jose CRC"]
[Date "2001.06.04"]
[Round "8"]
[White "Hernandez Basante,F"]
[Black "Ugalde,R"]
[Result "1/2-1/2"]
[WhiteElo "2265"]
[BlackElo "2167"]

1.d4 d5 2.Bg5 Nf6 3.e3 e6 4.Bd3 Nbd7 5.f4 c5 6.Nf3 Qb6 7.b3 Ne4 8.O-O Bd6
9.Bxe4 dxe4 10.Nfd2 Qc6 11.Nc3 f5 12.Nc4 Nb6 13.Nxd6+ Qxd6 14.Nb5 Qc6 15.dxc5 O-O
16.cxb6 Qxb5 17.bxa7 Qc5 18.Qd2 Rxa7 19.c4 b5 20.cxb5 Qxb5 21.Qc3 Ba6 22.a4 Qb6
23.Rfc1 Rb8 24.a5 Qxb3 25.Qxb3 Rxb3 26.Bd8 Rd7 27.Bb6 Rd2 28.Rd1  1/2-1/2

[Event "Open"]
[Site "Estensi ITA"]
[Date "2001.06.09"]
[Round "8"]
[White "Mukic,J"]
[Black "Lazarev,V"]
[Result "1/2-1/2"]
[WhiteElo "2268"]
[BlackElo "2500"]

1.d4 Nf6 2.Bg5 d5 3.Bxf6 exf6 4.e3 c6 5.c4 dxc4 6.Bxc4 Bd6 7.Nc3 f5 8.Qh5 Qe7
9.Nf3 h6 10.O-O-O Nd7 11.Nh4 g6 12.Nxg6 fxg6 13.Qxg6+ Kd8 14.Bb3 Nf6 15.Rhe1 Kc7
16.f3 Bd7 17.Kb1 Bb4 18.e4 fxe4 19.fxe4 Raf8 20.Qg3+ Kc8 21.e5 Nh5 22.Qe3 Bf5+
23.Ka1 Qg5 24.Qg1 Kb8 25.e6 Nf4 26.d5 Bxc3 27.bxc3 cxd5 28.Bxd5 Qg7 29.Qc5 Nxd5
30.Rxd5 Rc8 31.Qd4 Qxd4 32.cxd4 Bg6 33.Rde5 Be8 34.d5 Rd8 35.Rc1 Rg8 36.Rd1 Rd6
37.Rf1 Kc7 38.g3 Kd8 39.Kb2 Ke7 40.Kc3 Ra6 41.Rf2 Rg4 42.Ref5 Rga4 43.Rf7+ Bxf7
44.Rxf7+ Kd6 45.Rd7+ Kc5 46.Rd8 Rd6 47.e7 Re4 48.e8=Q Rxe8 49.Rxe8 Rxd5 50.Re7  1/2-1/2

[Event "White Nights"]
[Site "St Petersburg RUS"]
[Date "2001.06.09"]
[Round "1"]
[White "Chepukaitis,G"]
[Black "Cistjakova,E"]
[Result "1-0"]
[WhiteElo "2403"]
[BlackElo "2066"]

1.d4 d5 2.Bg5 Nf6 3.Nd2 e6 4.e3 Be7 5.Bxf6 Bxf6 6.f4 O-O 7.c3 b6 8.Bd3 Ba6
9.Bc2 Nd7 10.Ngf3 c5 11.Kf2 cxd4 12.exd4 Qc7 13.g3 Rfc8 14.h4 Nf8 15.Kg2 Qc6
16.Re1 Qd6 17.h5 Bb5 18.Ne5 Bxe5 19.fxe5 Qe7 20.Qg4 h6 21.Nf3 Nh7 22.Qf4 Ng5
23.Nxg5 Qxg5 24.Qxg5 hxg5 25.Kh3 f5 26.exf6 gxf6 27.Rxe6 Bd7 28.Bf5 Kf7 29.Rxf6+ Kxf6
30.Bxd7 Rc7 31.Rf1+ Ke7 32.Bf5 Rf8 33.Kg4 Kf6 34.Be6+ Ke7 35.Rxf8 Kxf8 36.Kxg5 Re7
37.Kf6 Rh7 38.g4 Rh6+ 39.Ke5  1-0

[Event "2nd IECC"]
[Site "Ohrid MKD"]
[Date "2001.06.12"]
[Round "11"]
[White "Miladinovic,I"]
[Black "Abbasov,F"]
[Result "1-0"]
[WhiteElo "2519"]
[BlackElo "2439"]

1.d4 Nf6 2.Bg5 c5 3.Bxf6 gxf6 4.dxc5 Qa5+ 5.c3 Qxc5 6.Nd2 Nc6 7.Ngf3 d6 8.a4 h5
9.h4 Ne5 10.e3 Ng4 11.Bb5+ Kd8 12.Qe2 Bh6 13.Nb3 Qc7 14.a5 a6 15.Ba4 Be6
16.Nbd4 Bc4 17.Qc2 Qxa5 18.b3 Bb5 19.Ra2 Bxa4 20.Rxa4 Qc7 21.Nf5 Rc8 22.O-O Bf8
23.Rc4 Qd7 24.Rd1 Rc6 25.Rxc6 Qxc6 26.c4 Ke8 27.Ng3 e6 28.Nd4 Qc7 29.Qe4 Qe7
30.b4 f5 31.Qc2 Qc7 32.b5 Be7 33.bxa6 bxa6 34.Ngxf5 exf5 35.Nxf5 Nh6 36.Qa4+ Kf8
37.Qa1 f6 38.Nd4 Qc8 39.Qa5 Qxc4 40.Qxh5 Kg7 41.Rb1 Rf8 42.Qf3 f5 43.h5 Kh7
44.g3 Rf7 45.Rb8 a5 46.Qa8 Bf6 47.Nb5 Qd3 48.Qc6 Qb1+ 49.Kg2 Qe4+ 50.Qxe4 fxe4
51.Nxd6 Re7 52.Ra8 Bc3 53.f3 exf3+ 54.Kxf3 Nf7 55.Nf5 Rd7 56.g4 Ng5+ 57.Kf4 Ne6+
58.Kf3 Ng5+ 59.Kf4 Ne6+ 60.Kf3 Bb4 61.Ra6 Nc5 62.Rh6+ Kg8 63.g5 Rd1 64.Rf6 Nd7
65.Nh6+ Kg7 66.Ra6 Ne5+ 67.Ke4 Nf7 68.Rg6+ Kf8  1-0

[Event "2nd IECC"]
[Site "Ohrid MKD"]
[Date "2001.06.13"]
[Round "12"]
[White "Rossi,C"]
[Black "Gicov,Z"]
[Result "1-0"]
[WhiteElo "2418"]
[BlackElo "2257"]

1.d4 Nf6 2.Bg5 g6 3.Nd2 d5 4.e3 Bg7 5.Bd3 Nbd7 6.f4 c5 7.c3 b6 8.Nh3 Bb7
9.Nf2 Qc7 10.Bh4 a6 11.g4 e6 12.Bg3 Ng8 13.g5 Qd8 14.h4 Ne7 15.Ng4 Nf5 16.Bf2 Qc7
17.h5 O-O-O 18.h6 Bf8 19.Ne5 Nxe5 20.fxe5 Be7 21.Qg4 Kb8 22.Ke2 Rd7 23.Bg3 Rc8
24.Bf4 Ka7 25.Qh3 Qc6 26.a4 cxd4 27.exd4 Rdc7 28.Bb5 Qxc3 29.bxc3 Rxc3 30.Bd3 Nxd4+
31.Kf2 Bc5 32.Kg2 Bb4 33.Rhb1 a5 34.Rxb4 axb4 35.a5 bxa5 36.Qe3 R8c4 37.Bxc4 dxc4+
38.Kf2 Rxe3 39.Bxe3 Ka6 40.Bxd4 Bd5 41.Ke3 Kb5 42.Nb1 Bc6 43.Nc3+ Ka6 44.Bc5 b3
45.Ba3 Kb6 46.Kd4 Bd5 47.Rf1 Bg2  1-0

[Event "43rd Tch-POR"]
[Site "Barreiro POR"]
[Date "2001.06.17"]
[Round "4"]
[White "Dantas,C"]
[Black "Ribeiro,B"]
[Result "1/2-1/2"]
[WhiteElo "2210"]
[BlackElo "2207"]

1.d4 Nf6 2.Bg5 g6 3.Bxf6 exf6 4.e3 Bg7 5.c4 O-O 6.Nf3 d6 7.Bd3 f5 8.Nc3 Nd7
9.O-O Nf6 10.Qc2 Bd7 11.Rac1 Re8 12.b4 Rc8 13.Rfd1 c6 14.Qb3 Ne4 15.Nd2 Nxd2
16.Rxd2 f4 17.exf4 Bxd4 18.Ne4 Bf5 19.Ng3 Bxd3 20.Qxd3 c5 21.Ne2 Bg7 22.b5 a6
23.bxa6 bxa6 24.Kf1 Qh4 25.Qg3 Qe7 26.Rcd1 Rb8 27.Qa3 Rb6 28.Qa5 Rb2 29.Qxa6 Rxd2
30.Rxd2 Bc3 31.Rc2 Qe4 32.Qa4 d5 33.f3 Qe3 34.Qa3 d4 35.Qc1 d3 36.Qxe3 Rxe3
37.Kf2 dxe2 38.Rxe2 Rxe2+ 39.Kxe2 f5 40.Kd3 Bb4 41.Kc2 Kf7 42.Kb3 Ke6 43.Ka4 Kd6
44.Kb5 Ba3 45.Kb6 Kd7 46.Kb7 h6 47.g3  1/2-1/2

[Event "St John's University"]
[Site "New York USA"]
[Date "2001.06.21"]
[Round "4"]
[White "Bonin,J"]
[Black "Belorusov,M"]
[Result "1-0"]
[WhiteElo "2381"]
[BlackElo "2298"]

1.d4 d5 2.Bg5 Nf6 3.Bxf6 exf6 4.e3 g6 5.c4 dxc4 6.Bxc4 Bg7 7.Ne2 O-O 8.Nbc3 Nd7
9.b4 c6 10.O-O Nb6 11.Bb3 Qe7 12.Rb1 Rd8 13.Nf4 Bf5 14.Rb2 Bh6 15.Qf3 Kh8
16.g4 Qxb4 17.Nd1 Bc8 18.Nxg6+ Kg7 19.Ne5 Rf8 20.Nxf7 Nc4 21.Bxc4 Qxc4 22.Nd6 Qa6
23.Nc3 Qa3 24.Nf5+ Bxf5 25.Rxb7+ Rf7 26.Rxf7+ Kxf7 27.Qxf5 Qxc3 28.Qxh7+ Ke6
29.Qxh6 Rg8 30.Qf4 Qc2 31.e4 Qxa2 32.Rc1 Qa4 33.Rxc6+  1-0